| 000 | 00385nam a22001457a 4500 | ||
|---|---|---|---|
| 005 | 20250125112906.0 | ||
| 008 | 250125b |||||||| |||| 00| 0 eng d | ||
| 020 | _a9780830731190 | ||
| 050 |
_aHQ536 _bSMA |
||
| 100 | _aSmalley, Gary | ||
| 245 |
_aFocus on the family; _bthe covenant marriage |
||
| 260 |
_aUSA _bInternational Bible Society _cc2003 |
||
| 300 | _a66p | ||
| 942 |
_2lcc _cBK _n0 |
||
| 999 |
_c3068 _d3068 |
||